| Tag |
First Indicator |
Second Indicator |
Subfields |
| LEADER |
00000cgm a2200000Mu 4500 |
| 001 |
in00004764975 |
| 006 |
m o c |
| 007 |
cr |na---apcuu |
| 008 |
200801s2012 xx 142 o vleng d |
| 005 |
20250707181814.4 |
| 035 |
|
|
|a (OCoLC)on1197690583
|
| 040 |
|
|
|a DKU
|b eng
|c DKU
|d OCLCQ
|
| 035 |
|
|
|a (OCoLC)1197690583
|
| 046 |
|
|
|k 2012
|
| 049 |
|
|
|a TXAM
|
| 090 |
|
|
|a PN1997.2 .H866 2012
|
| 245 |
0 |
4 |
|a The Hunger Games /
|c directed by Gary Ross ; screenplay by Gary Ross and Suzanne Collins and Billy Ray ; produced by Nina Jacobson, Jon Kilik ; a Lionsgate presentation ; a Color Force/Lionsgate production ; a Gary Ross film.
|
| 246 |
3 |
|
|a Hunger games.
|n 1
|
| 264 |
|
1 |
|a Santa Monica, Calif. :
|b Lions Gate Home Entertainment,
|c [2012]
|
| 264 |
|
4 |
|a St. Louis, Missouri :
|b Swank Motion Pictures,
|c [2024]
|
| 264 |
|
2 |
|c ©2012
|
| 300 |
|
|
|a 1 online resource(1 video file(142 min.))
|b sound
|
| 336 |
|
|
|a two-dimensional moving image
|b tdi
|2 rdacontent
|
| 337 |
|
|
|a computer
|b c
|2 rdamedia
|
| 337 |
|
|
|a video
|
| 338 |
|
|
|a online resource
|b cr
|2 rdacarrier
|
| 546 |
|
|
|a English, Spanish (Mexico), Spanish (Spain), French, Italian, Japanese, Russian, German, Portuguese, or Korean language soundtrack with optional English, Chinese (Hong Kong), Dutch, Portuguese, or Spanish subtitles; closed-captioned in English
|
| 511 |
1 |
|
|a Jennifer Lawrence, Josh Hutcherson, Liam Hemsworth, Woody Harrelson, Elizabeth Banks, Sandra Ellis Lafferty, Lenny Kravitz, Stanley Tucci, Donald Sutherland, Wes Bentley, Toby Jones, Alexander Ludwig, Isabelle Fuhrman, Amandla Stenberg, Willow Shields, Kimiko Gelman, Latarsha Rose, Brooke Bundy, Nelson Ascencio, Paula Malcomson, Dayo Okeniyi, Jack Quaid, Karan Kendrick, Amber Chaney, Raiko Bowman, Troy Linger, Rhoda Griffis, Sandino Moya, Dwayne Boyd, Anthony Reynolds, Judd Derek Lormand, Kalia Prescott, Ethan Jamieson, Mackenzie Lintz, Jackie Emerson, Annie Thurman, Dakota Hood, Shane Bissell, Katie Kneeland, Steve Coulter, Sharon Morris, Tim Taylor, Jack Ross, Leven Rambin, Ian Nelson (The Boy Next Door).
|
| 508 |
|
|
|a Director of photography, Tom Stern ; production designer, Philip Messina ; edited by Stephen Mirrione, Juliette Welfling ; costume designer, Judianna Makovsky ; music by James Newton Howard.
|
| 500 |
|
|
|a Based on the novel by Suzanne Collins, which is bk. 1 in "The Hunger Games" series.
|
| 500 |
|
|
|a Originally released as a motion picture in 2012.
|
| 521 |
8 |
|
|a MPAA Rating: PG-13.
|
| 520 |
|
|
|a A 16-year-old girl competes in a vicious televised tournament in which 24 teenagers from a postapocalyptic society fight to the death.
|
| 650 |
|
0 |
|a Contests
|v Drama.
|
| 650 |
|
0 |
|a Survival
|v Drama.
|
| 650 |
|
0 |
|a Interpersonal relations
|v Drama.
|
| 655 |
|
7 |
|a Action and adventure films.
|2 lcgft
|
| 655 |
|
7 |
|a Dystopian films.
|2 lcgft
|
| 655 |
|
7 |
|a Apocalyptic films.
|2 lcgft
|
| 655 |
|
7 |
|a Film adaptations.
|2 lcgft
|
| 655 |
|
7 |
|a Feature films.
|2 lcgft
|
| 655 |
|
7 |
|a Fiction films.
|2 lcgft
|
| 700 |
1 |
|
|a Ross, Gary,
|d 1956-
|e film director,
|e screenwriter.
|
| 700 |
1 |
|
|a Jacobson, Nina,
|e film producer.
|
| 700 |
1 |
|
|a Kilik, Jon,
|e film producer
|
| 700 |
1 |
|
|a Collins, Suzanne,
|e screenwriter.
|
| 700 |
1 |
|
|a Ray, Billy,
|e screenwriter.
|
| 700 |
1 |
|
|a Lawrence, Jennifer,
|e actor.
|
| 700 |
1 |
|
|a Hutcherson, Josh,
|e actor.
|
| 700 |
1 |
|
|a Hemsworth, Liam,
|e actor.
|
| 700 |
1 |
|
|a Harrelson, Woody,
|e actor.
|
| 700 |
1 |
|
|a Banks, Elizabeth,
|e actor.
|
| 700 |
1 |
|
|a Ellis Lafferty, Sandra,
|e actor.
|
| 700 |
1 |
|
|a Kravitz, Lenny,
|e actor.
|
| 700 |
1 |
|
|a Tucci, Stanley,
|e actor.
|
| 700 |
1 |
|
|a Sutherland, Donald,
|e actor.
|
| 700 |
1 |
|
|a Bentley, Wes,
|e actor.
|
| 700 |
1 |
|
|a Jones, Toby,
|e actor.
|
| 700 |
1 |
|
|a Ludwig, Alexander,
|e actor.
|
| 700 |
1 |
|
|a Fuhrman, Isabelle,
|e actor.
|
| 700 |
1 |
|
|a Stenberg, Amandla,
|e actor.
|
| 700 |
1 |
|
|a Shields, Willow,
|e actor.
|
| 700 |
1 |
|
|a Gelman, Kimiko,
|e actor.
|
| 700 |
1 |
|
|a Rose, Latarsha,
|e actor.
|
| 700 |
1 |
|
|a Bundy, Brooke,
|e actor.
|
| 700 |
1 |
|
|a Ascencio, Nelson,
|e actor.
|
| 700 |
1 |
|
|a Malcomson, Paula,
|e actor.
|
| 700 |
1 |
|
|a Okeniyi, Dayo,
|e actor.
|
| 700 |
1 |
|
|a Quaid, Jack,
|e actor.
|
| 700 |
1 |
|
|a Kendrick, Karan,
|e actor.
|
| 700 |
1 |
|
|a Chaney, Amber,
|e actor.
|
| 700 |
1 |
|
|a Bowman, Raiko,
|e actor.
|
| 700 |
1 |
|
|a Linger, Troy,
|e actor.
|
| 700 |
1 |
|
|a Griffis, Rhoda,
|e actor.
|
| 700 |
1 |
|
|a Moya, Sandino,
|e actor.
|
| 700 |
1 |
|
|a Boyd, Dwayne,
|e actor.
|
| 700 |
1 |
|
|a Reynolds, Anthony,
|e actor.
|
| 700 |
1 |
|
|a Derek Lormand, Judd,
|e actor.
|
| 700 |
1 |
|
|a Prescott, Kalia,
|e actor.
|
| 700 |
1 |
|
|a Jamieson, Ethan,
|e actor.
|
| 700 |
1 |
|
|a Lintz, Mackenzie,
|e actor.
|
| 700 |
1 |
|
|a Emerson, Jackie,
|e actor.
|
| 700 |
1 |
|
|a Thurman, Annie,
|e actor.
|
| 700 |
1 |
|
|a Hood, Dakota,
|e actor.
|
| 700 |
1 |
|
|a Bissell, Shane,
|e actor.
|
| 700 |
1 |
|
|a Kneeland, Katie,
|e actor.
|
| 700 |
1 |
|
|a Coulter, Steve,
|e actor.
|
| 700 |
1 |
|
|a Morris, Sharon,
|e actor.
|
| 700 |
1 |
|
|a Taylor, Tim,
|e actor.
|
| 700 |
1 |
|
|a Ross, Jack,
|e actor.
|
| 700 |
1 |
|
|a Rambin, Leven,
|e actor.
|
| 700 |
1 |
|
|a Nelson (The Boy Next Door), Ian,
|e actor.
|
| 856 |
4 |
0 |
|u http://proxy.library.tamu.edu/login?url=https://digitalcampus.swankmp.net/tamu324081/play/793EFD17A2E91664
|z Connect to this streaming video (Swank Digital Campus)
|t 0
|
| 994 |
|
|
|a 92
|b TXA
|
| 999 |
f |
f |
|s 4c4072d3-0044-47fa-8d13-9854ae8e4f6d
|i c4f077a2-d032-4f33-aebb-52606cc86447
|t 0
|
| 952 |
f |
f |
|a Texas A&M University
|b College Station
|c Electronic Resources
|d Available Online
|t 0
|e PN1997.2 .H866 2012
|h Library of Congress classification
|
| 998 |
f |
f |
|a PN1997.2 .H866 2012
|t 0
|l Available Online
|